Les 20 villes les plus peuplées de Bretagne de 1806 à 2023 - Statistiques

Statistiques générales
  • Ce quiz a été pris 123 fois
  • Le résultat moyen est 115 sur 160
Statistiques - réponses
Hint Réponse % Correct
1806 Brest 22 130
100%
1846 Brest 62 791
100%
1876 Brest 87 389
100%
1911 Brest 125 909
100%
1936 Brest 118 700
100%
1968 Brest 154 023
100%
1999 Brest 149 634
100%
2023 Brest 142 346
100%
1846 Lambézellec* 10 131
100%
1876 Lambézellec* 12 379
100%
1911 Lambézellec* 19 317
100%
1936 Lambézellec* 19 227
100%
1806 Rennes 39 225
99%
1846 Rennes 39 218
99%
1876 Rennes 57 177
99%
1911 Rennes 79 372
99%
1936 Rennes 98 538
99%
1968 Rennes 180 943
99%
1999 Rennes 206 229
99%
2023 Rennes 230 890
99%
1806 Vannes 10 902
98%
1846 Vannes 12 974
98%
1876 Vannes 17 946
98%
1911 Vannes 23 748
98%
1936 Vannes 24 068
98%
1968 Vannes 36 576
98%
1999 Vannes 51 759
98%
2023 Vannes 55 790
98%
1806 Quimper 6 905
97%
1846 Quimper 10 943
97%
1876 Quimper 20 264
97%
1911 Quimper 28 610
97%
1936 Quimper 35 873
97%
1968 Quimper 52 496
97%
1999 Quimper 63 238
97%
2023 Quimper 64 385
97%
1806 Lorient 20 553
96%
1846 Lorient 26 434
96%
1876 Lorient 38 781
96%
1911 Lorient 54 122
96%
1936 Lorient 51 008
96%
1968 Lorient 66 444
96%
1999 Lorient 59 189
96%
2023 Lorient 58 329
96%
1806 Saint-Malo 9 934
91%
1846 Saint-Malo 10 076
91%
1876 Saint-Malo 10 295
91%
1911 Saint-Malo 12 371
91%
1936 Saint-Malo 13 386
91%
1968 Saint-Malo 42 297
91%
1999 Saint-Malo 50 675
91%
2023 Saint-Malo 47 439
91%
1806 Saint-Servan* 9 255
91%
1846 Saint-Servan* 9 636
91%
1876 Saint-Servan* 12 281
91%
1911 Saint-Servan* 12 823
91%
1936 Saint-Servan* 12 323
91%
1806 Saint-Brieuc 9 000
89%
1846 Saint-Brieuc 13 239
89%
1876 Saint-Brieuc 16 355
89%
1911 Saint-Brieuc 23 945
89%
1936 Saint-Brieuc 31 640
89%
1968 Saint-Brieuc 50 281
89%
1999 Saint-Brieuc 46 087
89%
2023 Saint-Brieuc 44 364
89%
1876 Concarneau 8 508
73%
1911 Concarneau 14 784
73%
1936 Concarneau 12 704
73%
1968 Concarneau 17 801
73%
1999 Concarneau 19 453
73%
2023 Concarneau 20 845
73%
1806 Guingamp 4 973
72%
1846 Guingamp 6 949
72%
1876 Guingamp 7 895
72%
1911 Guingamp 9 385
72%
1846 Lannion 5 849
72%
1876 Lannion 11 283
72%
1911 Lannion 10 361
72%
1936 Lannion 10 172
72%
1968 Lannion 12 535
72%
1999 Lannion 18 368
72%
2023 Lannion 20 315
72%
1806 Fougères 7 443
71%
1846 Fougères 9 931
71%
1876 Fougères 11 873
71%
1911 Fougères 22 178
71%
1936 Fougères 20 432
71%
1968 Fougères 26 045
71%
1999 Fougères 21 779
71%
2023 Fougères 20 307
71%
1806 Dinan 7 188
68%
1846 Dinan 8 159
68%
1876 Dinan 9 653
68%
1911 Dinan 12 997
68%
1936 Dinan 13 479
68%
1968 Dinan 15 552
68%
1999 Dinan 14 010
68%
1806 Morlaix 9 937
67%
1846 Morlaix 11 529
67%
1876 Morlaix 18 118
67%
1911 Morlaix 18 830
67%
1936 Morlaix 17 014
67%
1968 Morlaix 19 919
67%
1999 Morlaix 15 990
67%
2023 Morlaix 15 194
67%
1806 Pontivy 4 929
60%
1846 Pontivy 7 929
60%
1876 Pontivy 8 252
60%
1911 Pontivy 9 424
60%
1936 Pontivy 9 300
60%
1968 Pontivy 11 412
60%
1999 Pontivy 13 508
60%
1806 Quimperlé 4 263
58%
1846 Quimperlé 5 791
58%
1911 Quimperlé 9 188
58%
1936 Quimperlé 9 335
58%
1968 Quimperlé 10 698
58%
1806 Vitré 8 381
57%
1846 Vitré 8 621
57%
1876 Vitré 9 870
57%
1911 Vitré 10 613
57%
1968 Vitré 11 343
57%
1999 Vitré 15 313
57%
2023 Vitré 19 365
57%
1846 Redon 5 303
54%
1968 Redon 9 363
54%
1806 Landerneau 3 896
53%
1876 Landerneau 8 195
53%
1936 Landerneau 8 855
53%
1968 Landerneau 12 781
53%
1999 Landerneau 14 281
53%
2023 Landerneau 16 363
53%
1999 Cesson-Sévigné 14 344
48%
1968 Lanester 19 245
46%
1999 Lanester 21 897
46%
2023 Lanester 23 263
46%
1876 Douarnenez 14 575
44%
1911 Douarnenez 23 979
44%
1936 Douarnenez 21 212
44%
1968 Douarnenez 19 705
44%
1999 Douarnenez 15 827
44%
1806 Lamballe 3 873
44%
2023 Lamballe-Armor 17 241
44%
1806 Ploërmel 4 758
38%
1846 Ploërmel 5 110
38%
2023 Bruz 19 683
37%
1806 Hennebont 4 678
36%
1968 Hennebont 11 799
36%
1999 Hennebont 13 412
36%
2023 Hennebont 15 910
36%
1936 Ploemeur 9 547
32%
1999 Ploemeur 18 304
32%
2023 Ploemeur 18 872
32%
2023 Guipavas 15 538
30%
1846 Saint-Pol-de-Léon 6 836
17%
1806 Saint-Pol-de-Léon 5 543
12%
2023 Cesson-Sévigné 18 761
10%
1876 Le Mené 11 518
3%
1911 Le Mené 11 563
3%
1936 Le Mené 9 197
3%
Aucun quiz correspondant
Distribution des résultats
% des personnes avec chaque résultat
Percentile par nombre de réponses
Votre historique - résultats
Vous n’avez pas pris ce quiz